[Event "POL-chT 2nd League"]
[Site "Jastrzebia Gora"]
[Date "2024.09.06"]
[Round "7.59"]
[White "Rosicki, Marcin"]
[Black "Grabowski, Wojciech"]
[Result "1/2-1/2"]
[WhiteElo "2032"]
[BlackElo "1768"]
[PlyCount "92"]
[EventDate "2024.08.31"]
[EventType "team-swiss"]
[EventRounds "9"]
[EventCountry "POL"]
[SourceTitle "EXT 2025"]
[Source "ChessBase"]
[SourceDate "2024.10.14"]
[SourceVersion "1"]
[SourceVersionDate "2024.10.14"]
[SourceQuality "1"]
[WhiteTeam "Jaworzno MCKiS"]
[BlackTeam "Olsztyn Trzydziestka"]
[WhiteTeamCountry "POL"]
[BlackTeamCountry "POL"]

1. e4 c5 2. Nf3 e6 3. d4 cxd4 4. Nxd4 Nc6 5. Nc3 Qc7 6. Be3 a6 7. Qd2 Nf6 8. f3 b5 9. 0-0-0 Be7 10. g4 Bb7 11. Be2 Nxd4 12. Bxd4 e5 13. Be3 Rc8 14. Kb1 Bb4 15. g5 Nh5 16. Nd5 Bxd5 17. Qxd5 Qxc2+ 18. Ka1 0-0 19. Bd3 Qc7 20. Bb1 d6 21. Rhf1 Bc5 22. Bc1 Qe7 23. f4 Nxf4 24. Bxf4 exf4 25. Rxf4 Qe5 26. Rf5 Qxd5 27. Rdxd5 g6 28. Rf3 Rfe8 29. a3 Re5 30. Rxe5 dxe5 31. Ba2 Rc7 32. Bd5 Kg7 33. b4 Bd4+ 34. Kb1 Bg1 35. h3 Bh2 36. Rf6 Ra7 37. Rb6 Bf4 38. Rb7 Rxb7 39. Bxb7 a5 40. bxa5 Bxg5 41. a6 Be3 42. Kc2 Kf6 43. Kd3 Ba7 44. Ke2 Kg5 45. Kf3 f5 46. Bc6 Kf6 1/2-1/2